00542nam a22001697a 450000500170000001000150001702000260003203500140005803700130007208200120008524500490009726000460014627000690019230000260026150000450028750000400033220180831113931.0 aENG-123944 a9780199481071c495.00 aEN-107476 bDBAD/PUB a330.954 aQuarter century of liberalisation in india / c2018aNew Delhi bOxford University Press a2/11, Ground Floor, Ansari Road, Daryaganj, bNew Delhi e110002 c22cm(Hb)axiii,244p.  aEssays from economic & political weekly  aIt includes about the contributors